| 000 | 01437na a2200349 4500 | ||
|---|---|---|---|
| 001 | 22252 | ||
| 003 | MIRAKIL | ||
| 005 | 20181226092844.0 | ||
| 008 | 170212b tu n0 0 0 | ||
| 022 | _a1304-4435 | ||
| 035 | _a20919 | ||
| 040 |
_aMilas _btur _cTR-AnCHP |
||
| 041 | _atur | ||
| 090 | _a050 DER 144 | ||
| 222 | _aYankı | ||
| 245 |
_aYankı _bsiyasi aktüel dergi |
||
| 246 | _aYankı dergisi | ||
| 260 |
_aAnkara _bYeni Yankı Basın Yayın _c1971-2009 |
||
| 300 |
_ac. _brnk. res. _c30 sm. |
||
| 362 | _asayı 694 (16-22 Temmuz 1984)- | ||
| 362 | _aBaşlangıç : Mart 1971 (Haftalık haber dergisi) | ||
| 500 | _aMevcut sayılar: (22) Aralık 1956; (114) Mayıs 1973; (116) Haziran 1973; (162-167) Nisan-Mayıs 1974; (235-236) Eylül 1975; (320) 2-8 Mayıs 1977; (364-381) Mart 1978; (390-439) Eylül-Ağustos 1979; (473-502) Nisan-Kasım 1980; (526-545) Nisan-Eylül 1981; (694) Temmuz 1984; (1051) 1 Şubat 2007; (1052) 28 Şubat 2007 | ||
| 500 | _aNiteleme sayı sayı 694 (16-22 Temmuz 1984)'e dayalıdır. | ||
| 500 | _aSayı 800'de Haftaya bakış dergisi ile birleşti, Yankı/haftaya bakış oldu | ||
| 520 | _asiyasi haber dergisi | ||
| 650 |
_aSiyaset _vSüreli yayınlar _xAktüalite _zTürkiye |
||
| 651 |
_aTürkiye _vSüreli yayınlar _xSiyaset ve yönetim |
||
| 655 | _aYerel süreli yayın | ||
| 780 | _aYankı : haftalık haber dergisi | ||
| 910 | _aDERGİ 144 | ||
| 942 |
_2ddc _cSER |
||
| 999 |
_c11424 _d11424 |
||